| 000 | 01044nam a2200265Ia 4500 | ||
|---|---|---|---|
| 003 | IN-BaIIA | ||
| 008 | 211028s9999 xx 000 0 eng d | ||
| 020 | _a1-58381-127-3 | ||
| 040 | _cIIA Library | ||
| 080 |
_a082.2:52 _bASP-284 |
||
| 111 |
_aColloqium on Active Galactic Nucleussurveys _cRepublic of Armenia _d2001 June 18-22 _927691 |
||
| 245 | 0 |
_aAGN surveys _bproceedings of a colloqium held in Byurakan, Republic of Armenia, 18-22 Jun 2001 _cedited by R. F. Green, E. Y. Khachikian and D. B. Sanders |
|
| 260 |
_aCalifornia _bAstronomical Society of the Pacific _c2002 |
||
| 300 | _axxii, 425p. | ||
| 490 | _aASP conference series; v. 284 | ||
| 650 |
_aInfrared surveys _923837 |
||
| 650 |
_aOptical surveys _927692 |
||
| 650 |
_aSubmillimeter surveys _927693 |
||
| 650 |
_aX-Ray survey _927694 |
||
| 700 |
_aGreen, R. F., ed. _927695 |
||
| 700 |
_aKhachikian, E. Y., ed. _927696 |
||
| 700 |
_aSanders, D. B., ed. _926444 |
||
| 710 |
_aAstronomical Society of the Pacific _91154 |
||
| 942 | _cBK | ||
| 999 |
_c15139 _d15139 |
||